| 000 | 00446nam a2200181Ia 4500 | ||
|---|---|---|---|
| 008 | 180424s9999 xx 000 0 und d | ||
| 020 | _a138961689 | ||
| 084 | _a150.194 3 W3 | ||
| 100 | _a"Wagner Iii, John A" | ||
| 245 | 0 | _aOrganizational Behaviour | |
| 250 | _a\\199803ENGGPSX | ||
| 260 | _aPrentice Hall | ||
| 260 | _b1998 | ||
| 260 | _cEnglewood Cliffs | ||
| 300 | _a444p | ||
| 500 | _aincludes index and biblioraphy | ||
| 942 | _cBK | ||
| 999 |
_c60605 _d60605 |
||